Vzťah školského manažmentu ku skvalitňovaniu činnosti školy

Charakteristika školského manažmentu a jeho postavenie v pedagogických vedách. Vplyv školského manažmentu na efektivitu školy. Elementy systému kvality školského manažmentu z pohľadu niektorých renomovaných odborníkov. Orientácia na kvalitné výstupy a výkony školy, na decentralizáciu, na autoevaluác...

ver descrição completa

Na minha lista:
Detalhes bibliográficos
Autor principal: Obdržálek, Zdeněk
Formato: Capítulo de Livro
Idioma:eslovaco
Assuntos:
Tags: Adicionar Tag
Sem tags, seja o primeiro a adicionar uma tag!

MARC

LEADER 00000naa$a2200000$$$4500
001 0051833
005 20231010123952.3
041 0 |a slo 
044 |a SK 
245 1 0 |a Vzťah školského manažmentu ku skvalitňovaniu činnosti školy  |c Zdeněk Obdržálek 
520 |a Charakteristika školského manažmentu a jeho postavenie v pedagogických vedách. Vplyv školského manažmentu na efektivitu školy. Elementy systému kvality školského manažmentu z pohľadu niektorých renomovaných odborníkov. Orientácia na kvalitné výstupy a výkony školy, na decentralizáciu, na autoevaluáciu a na skvalitňovanie riadiacich kompetencií. 
610 2 0 |a efektívnosť vzdelávania 
610 2 0 |a mechanizmus trhový 
610 2 0 |a výkonnosť 
610 2 0 |a input-output 
610 2 0 |a modely 
610 2 0 |a školstvo 
610 2 0 |a manažment 
100 1 |a Obdržálek, Zdeněk